El Llibre verd major de Perpinyà, segle XII-1395 / estudi i edició a cura de Vicent Garcia Edo
ISBN:
978-84-9779-956-0
Descripción Física:
804 p. ; 24 cm
Colección:
Llibres de Privilegis ; 15
MARC
| LEADER | 00000nam a2200000Ia 4500 | ||
|---|---|---|---|
| 001 | 23017 | ||
| 008 | 160829s2010 xx 000 0 cat d | ||
| 020 | |a 978-84-9779-956-0 | ||
| 080 | |a H-3-123 | ||
| 245 | |a El Llibre verd major de Perpinyà, segle XII-1395 / estudi i edició a cura de Vicent Garcia Edo | ||
| 260 | |a Barcelona : |b Fundació Noguera ; Lleida : |b Pagès, |c 2010 | ||
| 300 | |a 804 p. ; |c 24 cm | ||
| 490 | |a Llibres de Privilegis ; 15 | ||
| 590 | |a Textos en català i llatí | ||
| 650 | |a Perpinyà |x Història |x Fonts |9 39899 | ||
| 650 | |a Perpinyà |x Cartes, privilegis, immunitats |9 39900 | ||
| 700 | |a García Edo, Vicent, ed. |9 39901 | ||
| 700 | |a Fundació Noguera |9 70407 | ||
| 901 | |a Arxiu | ||
| 942 | |n 1 | ||
| 952 | |0 0 |1 0 |4 0 |6 H3123 |7 1 |9 49297 |a Arxiu |b Arxiu |d 2016-12-01 |l 0 |o H-3-123 |p 23017 |r 2016-12-01 00:00:00 |w 2016-12-01 |y ARXIU | ||
| 999 | |c 53139 |d 53139 | ||